000 00353nam a2200145 a 4500
008 971002s1956||||xx 0 und c
040 _aSNK
_bslo
_cSNK
_eAACR2
100 1 _aMatuška, Alexander
245 1 0 _aPre a proti
260 _aBratislava
_bSlovenský spisovateľ
_c1956
300 _a362 s.
020 _c4,40
041 _aslo
044 _axo
_cSK
999 _c15120
_d15120